00926nam a22002055i 450000100060000000300090000600500170001500700030003200800410003504000200007611000480009624501860014426000700033030000300040061000600043070000400049085200250053099900170055595201480057254914ES-MaACL20230906163040.0t|960729s1905 sp ||||1| spa d aCAM bspa cCAM2 aEscuela de Artes y Oficios (Bilbao)913436210aMemoria relativa al curso de 1904 a 1905 / cpresentada por ... Alberto Gaminde y Alzuyeta, en sesión pública celebrada para la repartición de premios en 8 de octubre de 1905. aBilbao : b[s.n.], c1905 (fImprenta de la Casa de Misericordia) aIV, 62, [2] p. ; c21 cm.24aEscuela de Artes y Oficios (Bilbao)-vMemorias.91533061 aGaminde y Alzuyeta, Alberto.953793 aES-MaACLjT-1069-F-2 c54914d54914 001040708Colección_de_folletosaATENEOMbATENEOMcDEPOFd2008-01-17eSCl0oT-1069-F-2p1057707r2023-02-23 00:00:00w2023-02-23yFOLLETOS